| 000 | 00369nam a22001337a 4500 | ||
|---|---|---|---|
| 020 | _a0-471-04403-2 | ||
| 082 | _a621.381 STE'C | ||
| 100 |
_aSTEINBERGF, D. S _976288 |
||
| 245 | _aCOOLING TECHNIQUES FOR ELECTRONICS EQUIPMENT | ||
| 260 |
_aNEWYORK _bJOHN WILEY _c1980 |
||
| 300 | _a370P | ||
| 650 |
_aELECTRONIC APPARATUS AND APPLICATIONS COOLING _976289 |
||
| 942 | _cBK | ||
| 999 |
_c581685 _d581685 |
||